[Event "Regionalliga Nord 1718 (Women)"]
[Site "Germany"]
[Date "2018.01.28"]
[Round "4.3"]
[White "Niemoeller, Laura Marleen"]
[Black "Garbere, Diana"]
[Result "0-1"]
[WhiteElo "1232"]
[BlackElo "1538"]
[PlyCount "66"]
[EventDate "2017.10.15"]
[EventType "team-tourn"]
[EventRounds "5"]
[EventCountry "GER"]
[SourceTitle "CBM 183 Extra"]
[Source "ChessBase"]
[SourceDate "2018.04.19"]
[SourceVersion "1"]
[SourceVersionDate "2018.04.19"]
[SourceQuality "1"]
[WhiteTeam "Wilstermarsch (W)"]
[BlackTeam "Hamburger SK (W) III"]
[WhiteTeamCountry "GER"]
[BlackTeamCountry "GER"]

1. Nf3 Nc6 2. g3 e5 3. e3 d6 4. Bg2 Be6 5. 0-0 Qd7 6. Nc3 Bh3 7. Re1 Bxg2 8. Kxg2 h5 9. d4 h4 10. Nxh4 g5 11. g4 Rxh4 12. h3 f5 13. f3 e4 14. Kg3 Nf6 15. Rh1 exf3 16. Qxf3 Be7 17. gxf5 0-0-0 18. e4 Nxd4 19. Qd3 Nh5+ 20. Kg2 Nc6 21. Kh2 Ne5 22. Qe2 g4 23. Kg2 gxh3+ 24. Rxh3 Rg8+ 25. Kh2 Ng4+ 26. Kg2 Nf2+ 27. Kxf2 Rxh3 28. Qc4 Rh2+ 29. Kf1 Rgg2 30. Be3 Ng3+ 31. Ke1 Rh1+ 32. Bg1 Rhxg1+ 33. Qf1 Rxf1# 0-1